[Event "Tingo Maria UNAS Semana Santa op"]
[Site "Tingo Maria"]
[Date "2014.04.18"]
[Round "5.2"]
[White "Barrera Ricra, Victor Hugo"]
[Black "Estacio Garibay, Alex"]
[Result "0-1"]
[WhiteElo "1806"]
[BlackElo "1748"]
[PlyCount "118"]
[EventDate "2014.04.17"]
[EventType "swiss"]
[EventRounds "9"]
[EventCountry "PER"]
[SourceTitle "EXT 2024"]
[Source "ChessBase"]
[SourceDate "2023.10.10"]
[SourceVersion "1"]
[SourceVersionDate "2023.10.10"]
[SourceQuality "1"]

1. e4 d5 2. exd5 Qxd5 3. Nc3 Qa5 4. Bc4 Nf6 5. d3 Bg4 6. f3 Bc8 7. Nge2 e6 8. Be3 a6 9. 0-0 Bd6 10. a3 c5 11. Bg5 Nbd7 12. Ne4 Be7 13. Bf4 b5 14. Ba2 0-0 15. Kh1 Bb7 16. Nxf6+ Nxf6 17. c4 Rfd8 18. Qc2 Rd7 19. Rad1 Rad8 20. Bb1 Bc6 21. Bd2 Qc7 22. Bg5 bxc4 23. dxc4 Rxd1 24. Rxd1 Rxd1+ 25. Qxd1 Qe5 26. Bc1 h5 27. Qd3 h4 28. h3 g6 29. Qe3 Qd6 30. Bc2 Nh5 31. Bd2 Bf6 32. Bc3 Bxc3 33. Qxc3 Ng3+ 34. Nxg3 hxg3 35. Kg1 Qf4 36. Bd1 e5 37. b3 e4 38. Kf1 Bd7 39. Qe1 Bf5 40. Qe2 exf3 41. Qxf3 Qd2 42. Be2 Qc1+ 43. Bd1 Qd2 44. Be2 Qc1+ 45. Bd1 Bc2 46. Ke1 Bxd1 47. Qxd1 Qe3+ 48. Qe2 Qc1+ 49. Qd1 Qxa3 50. Qc2 Qa1+ 51. Ke2 Qf6 52. Ke3 Kg7 53. Qd2 g5 54. Ke4 Kg6 55. Qd7 Qf4+ 56. Kd5 Qd2+ 57. Kc6 Qxd7+ 58. Kxd7 f5 59. Kd6 f4 0-1

[Event "Tingo Maria UNAS Semana Santa op"]
[Site "Tingo Maria"]
[Date "2014.04.17"]
[Round "2.3"]
[White "Estacio Garibay, Alex"]
[Black "Quispe Rojas, Gabriel Herwin"]
[Result "1-0"]
[WhiteElo "1748"]
[BlackElo "1578"]
[PlyCount "61"]
[EventDate "2014.04.17"]
[EventType "swiss"]
[EventRounds "9"]
[EventCountry "PER"]
[SourceTitle "EXT 2024"]
[Source "ChessBase"]
[SourceDate "2023.10.10"]
[SourceVersion "1"]
[SourceVersionDate "2023.10.10"]
[SourceQuality "1"]

1. e4 e5 2. Nf3 d6 3. d4 f6 4. dxe5 fxe5 5. Bc4 h6 6. Nxe5 Nf6 7. Nf7 Qe7 8. Nxh8 Qxe4+ 9. Qe2 Qxe2+ 10. Bxe2 Bf5 11. 0-0 g5 12. Re1 Kd7 13. Bd3 Bxd3 14. cxd3 Nc6 15. Ng6 Bg7 16. Nc3 Nb4 17. Re7+ Kc6 18. Rxg7 Re8 19. Be3 Nc2 20. Rc1 Nb4 21. Ne4+ Kb5 22. Nxf6 Re6 23. Bd4 Nxd3 24. Rd1 c5 25. Bc3 b6 26. h4 gxh4 27. Rxd3 a5 28. Nd5 Re4 29. Rb7 Kc4 30. Rd1 b5 31. b3# 1-0